Statistiken für Pelikanarten nennen

Klicken Sie hier um das Quiz zu spielen!

Allgemein

  • Dieses Quiz wurde 6 mal gespielt
  • Das Durchschnittsergebnis liegt bei 6 aus 8

Antwortstatistiken

Antwort% Korrekt
Braunpelikan
100%
Rosapelikan
100%
Chilepelikan
80%
Graupelikan
80%
Nashornpelikan
80%
Brillenpelikan
60%
Krauskopfpelikan
60%
Rötelpelikan
60%

Verteilung der Resultate

Perzentil nach korrekt beantworteten Fragen

Anzahl Personen mit jedem Resultat

Ihre Resultats-Entwicklung

Sie haben dieses Quiz noch nicht gespielt